000 00719nam a2200229 4500
001 18290
003 DO-SdUEMH
005 20260106151931.0
007 ta
008 260106b1983 dr |||| |||| 10| 0 spa d
040 _aDO-SdUEMH
_bspa
_erda
041 _aspa
082 1 4 _mRD
_bE56r
245 1 0 _aReformas a la constitución /
_cexpositores: Wenceslao Vega, Manuel Ramon Morel Cerda, Jottin Cury, Ramon Tapia Espinal ; editor: Frank Moya Pons
264 0 1 _aSanto Domingo, República Dominicana :
_bForum,
_c1983
300 _a113 páginas ;
_c22 cm.
336 _2rdacontent
_atexto
_btxt
337 _2rdamedia
_asin mediación
_bn
338 _2rdacarrier
_avolumen
_bnc
490 _aForum ;
_v9
942 _2ddc
_n0
_cBK
999 _c18290
_d18290